000
00197nam a2200097Ia 4500
008
240331s9999 xx 000 0 und d
082
_b
MUR
100
_a
Murukan,E
245
0
_a
Cycle muni
942
_c
L
999
_c
4669
_d
4669